Estudios Sociales Centroamericanos / (Septiembre-Diciembre 1976) Año 5, Número 15
Guardado en:
| Institution som forfatter: | |
|---|---|
| Format: | Bog |
| Sprog: | Spanish |
| Udgivet: |
San José, Costa Rica:
Universidad de Costa Rica; Consejo Superior Universitario Centroamericano,
|
| Fag: | |
| Tags: |
Tilføj Tag
Ingen Tags, Vær først til at tagge denne postø!
|
MARC
| LEADER | 00000nam a22000007a 4500 | ||
|---|---|---|---|
| 003 | cru CIDCACS/IIS | ||
| 005 | 20220608120145.0 | ||
| 007 | ta | ||
| 008 | 170213n1976 cr ||||| |||| 00| 0 spa d | ||
| 022 | |a 0303-9676 | ||
| 040 | |c CRAI/IIS |a CRAI/IIS | ||
| 090 | |a REV0467 5(15) 1976 | ||
| 110 | 1 | |9 8176 |a Consejo Superior Universitario Centroamericano (CSUCA) | |
| 245 | 1 | |a Estudios Sociales Centroamericanos / |b (Septiembre-Diciembre 1976) Año 5, Número 15 |c CSUCA | |
| 260 | |a San José, Costa Rica: |b Universidad de Costa Rica; Consejo Superior Universitario Centroamericano, | ||
| 270 | |b Montes de Oca |c San José |d Costa Rica | ||
| 300 | |a 171 páginas | ||
| 310 | |a Cuatrimestral | ||
| 500 | |a Colección Centroamérica | ||
| 505 | |a ARTÍCULOS Y ENSAYOS La “modernización” capitalista de Guanacaste y la problemática de la vivienda rural Louis Ducoudray y Mario Lungo (páginas 11-20) Las políticas de vivienda del Estado costarricense Mario Lungo, Edgar Richards, Alessandro Tosatti y Marcos Valle (páginas 21-32) La ciudad de Panamá en el siglo XVIII – Propiedad urbana y propietarios del Intramuro– Omar Jaen Suárez (páginas 33-52) PROBLEMAS Y DEBATES TEÓRICOS-METODOLÓGICOS Contribución a una teoría marxista de la urbanización capitalista Jean Lojkine (páginas 53-80) BIBLIOGRAFÍA Y DOCUMENTACIÓN La teoría de las clases y el problema del método Ernesto Richter (páginas 81-84) Una investigación Latinoamericana sobre la vivienda popular Louis Ducoudray y Mario Lungo (páginas 85-92) TESIS DE GRADO El movimiento obrero hondureño: la Huelga de 1954 y sus consecuencias Mario Posas Amador (páginas 93-130) PROYECTOS Y AVANCES DE INVESTIGACIÓN Desarrollo económico, proceso de urbanización y funciones metropolitanas en Centroamérica (páginas 131-146) Actas del coloquio internacional “Las trasnacionales y la agricultura en América Latina” (páginas 147-166) | ||
| 650 | 0 | |2 OCDE |9 236 |a MARXISMO | |
| 650 | 0 | |9 71 |a DESARROLLO ECONOMICO Y SOCIAL | |
| 650 | 0 | |9 24 |a CLASES SOCIALES | |
| 651 | 0 | |9 308 |a CENTROAMERICA | |
| 773 | |g Volumen 5, número 15, (Septiembre-Diciembre 1976) |t Estudios Sociales Centroamericanos |o 13799 | ||
| 942 | |2 z |c PP |s 1 | ||
| 999 | |c 44291 |d 44291 | ||
